1580 1709 1954 1662 1047 1424 1617 1541 1250 1195 1053 1055 1047 1126 1238 1738 1388 1987 1508 1112 1297 1745 1433 1761 1793 1261 1639 1292 1702 1363 1505 1757 1547 1235 1392 1612 1885 1605 1643 1001 1321 1282 1580 1646 1993 1220 1109 1391 1721 1712 1974 1804 1681 1176 1774 1761 1441 1054 1616 1301 1709 1106 1498 1474 1124 1332 1511 1957 1544 1516 1312 1412 1318 1773 1167 1544 1596 1694 1148 1313 1354 1371 1781 1057 1461 1643 1850 1526 1522 1103 1373 1565 1297 1062 1427 1719 1021 1647 1417 BCNSPRNW ULIB Ver.6.0+V

เปลี่ยนเป็นภาษาไทย

Change to English
 แสดงรายละเอียดบรรณานุกรม
  กลับหน้าหลัก

Brief Record : Get Marc (ISO 2709) : E-mail record : QR code < ปิดหน้าต่าง
LEADER : 00000nam 2200000uu 4500
001    13399114556
003     ULIB
008    110627s2549||||th 000 0 tha d
020    9789749804740
090    นว.^bบ293อ
100 0  บาร์เกอร์, ไคลฟ์
245 00 อบารัต : วันแห่งเวทมนตร์ คืนแห่งสงคราม /^cซอย ยูริ
250    พิมพ์ครั้งที่ 1
260    กรุงเทพฯ :^bแพรวเยาวชน,^c2549
300    581 หน้า
710 1  แพรวเยาวชน
945    ^p545^l0^i020518
995    ทศพร
999 ^a ใช้งานได้ทุกระบบ
รายการนี้ยังไม่มีแท็ก
คุณยังไม่ได้ล็อกอิน คุณสามารถมีกิจกรรมร่วมกับเว็บไซต์ได้ แต่ต้องล็อกอินก่อน ::
  ล็อกอิน

รายการสื่อสารสนเทศ

ลำดับที่ ประเภท เลขเรียก/บาร์โค้ด สถานที่ สถานะ
1. นวนิยาย
นวนิยาย
นว. บ293อ ฉ.1 
  Barcode: 020518
ห้องสมุดวิทยาเขตสวรรค์ประชารักษ์
►นวนิยาย
บนชั้น
  ขอยืม

BibComment


ยังไม่เคยถูกคอมเมนท์

คอมเมนท์ทรัพยากรรายการนี้
  คอมเมนท์: อบารัต วันแห่งเว..


 Copyright 2026. Bcnsprnw @Library